000 00555nam a2200217 a 4500
001 0001-2187
003 ELIB.Books
008 190802 2010 eng
020 _aKBTS
092 _a270
_bQua
100 _aQualben, Lars P.
245 _aA History of the Christian Church
260 _aNew York
_bThomas Nelson and Sons
_c1942
300 _a644
_c20cm
650 _aChurch History
856 _nKBTS Library
_uKBTS Elib
942 _2ddc
_cBK
990 _a1
998 _aEnglishbooks.elf
_ccat
_e2019-08-02
999 _c12187
_d12187